00397nam a2200121Ia 4500008004100000082001600041100002500057245004600082300002300128942000700151999001900158952009800177230907s9999||||xx |||||||||||||| ||und|| a660.28bSMI aSmith, Robin9115331 0aChemical process design and integration / axxiii, 896 pages ; cBK c598138d598138 00104070aCAS-EbCAS-Ed2018-06-06l0o660.28 SMIpCAS-E0002237r2023-09-12w2023-09-12yBK